000 01390nam a2200325 i 4500
001 81144
003 ES-MaACL
005 20240208155509.0
007 t|
008 041103s1983 mx ||||1| spa d
040 _cES-MaACL
080 _a75.036/.037(460)
080 _a821.134.2-14"19"(082.2)
080 _a929-054.7(=1.460:72)"19"
245 0 0 _aHomenaje a México :
_b[historia contemporánea de una emigración, España 1939, México 1979] /
_pcoordinación y dirección general, Moisés Gamero de la Fuente ; ayudante, Diana Ramírez.
260 _aMéxico :
_bAteneo Español de México,
_c1983.
300 _a[237] páginas :
_bilustraciones (blanco y negro y color) ;
_c36 cm.
650 4 _912674
_aExiliados españoles-
_zMéxico
650 4 _916221
_aPoesías españolas-
_yS.XX
650 4 _916042
_aPintura española-
_yS.XX
700 1 _aGamero de la Fuente, Moisés.
_953783
_epbl
700 1 _aRamírez, Diana.
_995087
_eclb
710 2 _aAteneo Español de México
_92039
_eedt
852 _aES-MaACL
_984142
_jN-8182/Ej.1
_bR. 117122
_cDEPOJ
_hDonación: Ateneo Español de México
_zDuplicado
_xEncuadernación: cartoné
852 _aES-MaACL
_984143
_bR.106103
_jL-5760
_cDEPO2
_xEncuadernación: cartoné
942 _cMONOGRAFIA
_n0
999 _c81144
_d81144